Consulta popular : cuadernos de divulgación de los resultados de las reuniones del IEPES : en las reuniones nacionales : índice general del tomo II : Síntesis de la consulta popular / Fortalecimiento municipal / Fruticultura / Ganadería / Industria azucarera / Industria de trasformación / Informática para el desarrollo / Justicia igualitaria / Medio ambiente y calidad de vida / Minería / Modernización de la administración pública / Participación de la mujer en el desarrollo / Pequeña y mediana industria / Población / Productos básicos, abasto y consumo popular / Recursos del mar / Reforma agraria y desarrollo social / Salud y seguridad social / Siderurgia / Silvicultura / Turismo / Vivienda /
Gespeichert in:
| Körperschaft: | |
|---|---|
| Weitere Verfasser: | |
| Format: | Buch |
| Sprache: | Spanisch |
| Veröffentlicht: |
México :
Instituto de Estudios Políticos, Económicos y Sociales ; Centro de Estudios Políticos, Económicos y Sociales,
1982
|
| Tags: |
Keine Tags, Fügen Sie das erste Tag hinzu!
|
MARC
| LEADER | 00000nam^a2200000^a^4500 | ||
|---|---|---|---|
| 001 | 000438904 | ||
| 005 | 20250526000000.0 | ||
| 009 | 20260310123257.252 | ||
| 037 | |a Acervo ITESO - Biblioteca | ||
| 041 | |a ESP | ||
| 091 | |a FHM. 09064 | ||
| 110 | |a Instituto de Estudios Políticos, Económicos y Sociales | ||
| 245 | 1 | 0 | |a Consulta popular : |b cuadernos de divulgación de los resultados de las reuniones del IEPES : en las reuniones nacionales : índice general del tomo II : Síntesis de la consulta popular / Fortalecimiento municipal / Fruticultura / Ganadería / Industria azucarera / Industria de trasformación / Informática para el desarrollo / Justicia igualitaria / Medio ambiente y calidad de vida / Minería / Modernización de la administración pública / Participación de la mujer en el desarrollo / Pequeña y mediana industria / Población / Productos básicos, abasto y consumo popular / Recursos del mar / Reforma agraria y desarrollo social / Salud y seguridad social / Siderurgia / Silvicultura / Turismo / Vivienda / |
| 264 | 1 | |a México : |b Instituto de Estudios Políticos, Económicos y Sociales ; |b Centro de Estudios Políticos, Económicos y Sociales, |c 1982 | |
| 300 | |a 1 v. (1003 p.) ; |c 27.5 cm. | ||
| 336 | |a texto |b txt |2 rdacontenido | ||
| 337 | |a sin mediación |b n |2 rdamedio | ||
| 338 | |a volumen |b nc |2 rdasoporte | ||
| 649 | |a XX | ||
| 700 | |a Ramírez Suárez, Oscar |e (coordinación) | ||
| 910 | |a Fondo Hugo B. Margáin | ||
| 920 | |a Impresos - Libros | ||
| 930 | |a Libros Antiguos y Raros | ||
| 905 | |a 126 | ||
| 901 | |a 0500308692 |b IT2 |c LRA |i D113457 |u 20250526 | ||
| 902 | |a https://opac.biblio.iteso.mx/vufind/Record/000438904 | ||